Top 10 Persimmon Producing Countries - Statistics

General Stats
  • This quiz has been taken 38 times
  • The average score is 6 of 10
Answer Stats
Amount Country % Correct
3274 China
100%
198 South Korea
84%
193 Japan
81%
30 Iran
66%
158 Brazil
63%
15 Pakistan
53%
85 Uzbekistan
41%
2 Nepal
38%
21 Israel
31%
185 Azerbaijan
28%
No matching quizzes found
Score Distribution
Percent of People with Each Score
Percentile by Number Answered
Your Score History
You have not taken this quiz